Huszár Gál reformátor (1512?-1575) háromszoros exkommunikációja

Elmentve itt :
Bibliográfiai részletek
Szerző: Botta István
További közreműködők: Szepessy Tibor
Dokumentumtípus: Könyv része
Megjelent: 1990
Sorozat:Adattár XVI-XVIII. századi szellemi mozgalmaink történetéhez 10
Kulcsszavak:Művelődéstörténet - magyar - 16. sz., Reformáció - magyar - 16. sz. - forrás, Huszár Gál
Online Access:http://misc.bibl.u-szeged.hu/29912
LEADER 00810naa a2200217 i 4500
001 misc29912
005 20200430142011.0
008 180406s1990 hu o 0|| lat d
020 |a 963-481-831-5 
022 |a 0230-8495 
040 |a SZTE Miscellanea Repozitórium  |b hun 
041 |a lat 
041 |a hun 
100 1 |a Botta István 
245 1 0 |a Huszár Gál reformátor (1512?-1575) háromszoros exkommunikációja  |h [elektronikus dokumentum] /  |c  Botta István 
260 |c 1990 
300 |a 131-149 
490 0 |a Adattár XVI-XVIII. századi szellemi mozgalmaink történetéhez  |v 10 
695 |a Művelődéstörténet - magyar - 16. sz., Reformáció - magyar - 16. sz. - forrás, Huszár Gál 
700 0 1 |a Szepessy Tibor 
856 4 0 |u http://misc.bibl.u-szeged.hu/29912/1/ad_010_131-149.pdf  |z Dokumentum-elérés